Missing 'L' Acronyms Quiz Stats

Quiz Updated Jan 9, 2014

Challenge
Share
Tweet
Embed
Score 0/30 Timer 05:00
13 Plays Today
% Correct
Los
97.4%
Luther
97.4%
Laughing
97.1%
Language
97.1%
Left
97.1%
Lesbian
97%
Level
96.9%
Lord
96.8%
Louisiana
96.6%
Live
95.8%
Long
94.2%
Last
93.6%
Lowest
93.3%
Leave
93%
Law
93%
% Correct
Loving
91.9%
Lunch
91.3%
Love
91.3%
Ladies
89.5%
Liberties
89.1%
Learning
86.1%
London
85.5%
Life
80.9%
Load
78.1%
Light
74.4%
License
73.7%
Laser
73.5%
Leche
72.4%
Lipoprotein
55%
Latvian
45.1%

You're not logged in!

Compare scores with friends on all Sporcle quizzes.
Join for Free
OR
Log In

You Might Also Like...

Show Comments

Extras

Top Quizzes Today


Score Distribution

Your Account Isn't Verified!

In order to create a playlist on Sporcle, you need to verify the email address you used during registration. Go to your Sporcle Settings to finish the process.

Report this User

Report this user for behavior that violates our Community Guidelines.

Details: